00497nam a2200169Ia 450000500170000000800410001702000170005808200130007510000160008824500290010426000460013330000180017965000100019794200060020795200990021399900150031220250509054741.0240331s9999 xx 000 0 und d a978955095024 bSUMa891 aSumaira,M.A 0aVidiyalil oor asthamanam aColombobPuravalar Puththaka Poongac2009 aviii, 69 p ., aNovel cL 001040708LaWERCLbWERCLcSSCd2024-03-31l0o 894.811 SUMp6604r2024-03-31w2024-03-31yL c4974d4974